Statistics for Corrupt Countries

Click here to take the quiz!

General Stats

  • This quiz has been taken 1,479 times
    (1,459 since last reset)
  • The average score is 10 of 20

Answer Stats

RankCountry% Correct
12Somalia
76%
16Democratic Republic of the Congo
72%
19Iraq
70%
6Nigeria
68%
11Sudan
68%
14Pakistan
66%
1Chad
62%
15Kenya
48%
9Angola
46%
20Indonesia
46%
4Burma (Myanmar)
44%
2Bangladesh
42%
3Turkmenistan
42%
18Liberia
41%
17Uzbekistan
41%
10Tajikistan
39%
8Cote d'Ivoire
36%
5Haiti
34%
7Equatorial Guinea
26%
13Paraguay
13%

Score Distribution

Percentile by Number Answered

Percent of People with Each Score

Your Score History

You have not taken this quiz since the last reset